00635 2200217 4500001002100000005001700021008004100038020002200079035002400101040001200125082000800137090001800145100002900163245009200192260003500284300003000319504001600349700001800365850001200383990002200395YOGYA-0312000000008520120312205940.0 ind  a978-602-19260-1-7 0010-031200000000085 aYOPDYOG a657 aDEP 657 Son A aSony Warsono Bin Hardono aAdopsi Standar Akuntansi IFRS fakta, dilema, dan matematika /cSony Warsono Bin Hardono aYogyakartabAB Publisherc2011 axii, 200 hlmbilusc20 cm ahlm 191-194 aIrene Natalia aYOPDYOG aCB-D.11-2011-2005